Villes de France - Saint-Jean - Carte Quiz - Statistiques

Statistiques générales
  • Ce quiz a été pris 35 fois
  • Le résultat moyen est 9 sur 15
Réponses sur la Carte
Les réponses sont colorées sur une échelle allant du rouge au vert en fonction du pourcentage des utilisateurs qui les ont devinées à leur premier essai. Vous pouvez retrouver ces pourcentages ci-dessous.
 
Statistiques - réponses
Réponse % Correct
Saint-Jean-de-Luz
88%
Saint-Jean-de-Maurienne
81%
Saint-Jean-du-Gard
81%
Saint-Jean-sur-Vilaine
78%
Saint-Jean-Cap-Ferrat
75%
Saint-Jean-Kourtzerode
69%
Saint-Jean-Pied-de-Port
66%
Saint-Jean-de-Monts
59%
Saint-Jean-d'Angély
53%
Saint-Jean-en-Royans
47%
Saint-Jean-de-Braye
44%
Saint-Jean-de-Védas
44%
Saint-Jean-Brévelay
34%
Saint-Jean
31%
Saint-Jean-de-Verges
28%
Aucun quiz correspondant
Distribution des résultats
% des personnes avec chaque résultat
Percentile par nombre de réponses
Votre historique - résultats
Vous n’avez pas pris ce quiz